000 01066nam a22003377a 4500
001 0033663
003 KOHA_MİRAKIL
005 20260207002859.0
007 ta
008 111114b2010 tu |||gr||||#||||0|tur |
020 _a9786058907621
040 _aTR-BiSEU
_btur
_cTR-BiSEU
_erda
041 0 _atur
044 _ctu
050 _aJA92
_b.A73 2010
100 1 _aAras, M. Sıtkı.
245 1 _aSöğüt meyveleri/
_cM. Sıtkı Aras ; M. Sıtkı Aras.
264 1 _aKaraman :
_bKaraman Bilim ve Araştırma Merkezi
_c2010
300 _a308 s. ;
_c22 cm.
336 _ametin
_btxt
_2rdacontent
337 _aaracısız
_bn
_2rdamedia
338 _acilt
_bnc
_2rdacarrier
490 1 _aKaraman Bilim ve Araştırma Merkezi yayın no ;
_v3
650 0 _aSiyasetçiler, Türk--Biyografi.
_965340
650 0 _aSiyaset--Türkiye.
_922702
650 0 _aThe politicians, Turkish--Biography.
_965341
650 0 _aPolitics--Turkey.
_929376
650 0 _a
_95500
830 1 _aKaraman Bilim ve Araştırma Merkezi yayın no ;
_v3
_965342
942 _2lcc
_cBK
999 _c33663
_d33663